| 000 | 00431nam a2200157Ia 4500 | ||
|---|---|---|---|
| 008 | 230718s9999 xx 000 0 und d | ||
| 041 | _aeng | ||
| 082 |
_a006.66 _bSIN |
||
| 100 | _aSinha A.N. | ||
| 245 | _aCompuer Graphics | ||
| 260 |
_c2008 _bTata Mc-Graw Hill |
||
| 300 |
_a471 _dRef 25 IT (33303) |
||
| 365 |
_cRs. _b450.00 |
||
| 700 | _aSinha A.N. & Udai A.D. | ||
| 906 |
_dO:0021221-Aug-2009B:109100035502-Aug-2009 _cIT _b450 |
||
| 999 |
_c322099 _d322099 |
||